Normal view
MARC view
- O.C Ferrell
Entry Personal Name
001 - CONTROL NUMBER
- control field: 2771
003 - CONTROL NUMBER IDENTIFIER
- control field: OSt
005 - DATE AND TIME OF LATEST TRANSACTION
- control field: 20191224203317.0
008 - FIXED-LENGTH DATA ELEMENTS
- fixed length control field: 191224|| aca||aabn | a|a d
040 ## - CATALOGING SOURCE
- Original cataloging agency: OSt
- Transcribing agency: OSt
100 ## - HEADING--PERSONAL NAME
- Personal name: O.C Ferrell
670 ## - SOURCE DATA FOUND
- Source citation: Work cat.: (OSt)1856: O.C Ferrell, Strategic Marketing Management , 1994
